Short cuts : the dictionary of useful abbreviations
Αποθηκεύτηκε σε:
| Κύριος συγγραφέας: | |
|---|---|
| Μορφή: | Βιβλίο |
| Γλώσσα: | English |
| Δημοσίευση: |
Lincolnwood :
NTC Publishing Group,
c1997
|
| Σειρά: | Artful Wordsmith series
|
| Θέματα: | |
| Ετικέτες: |
Προσθήκη ετικέτας
Δεν υπάρχουν, Καταχωρήστε ετικέτα πρώτοι!
|
MARC
| LEADER | 00000nam a2200000 i 4500 | ||
|---|---|---|---|
| 001 | 1/88748 | ||
| 008 | 990825s1997 eng d | ||
| 020 | |a 0-8442-0905-8 | ||
| 035 | |l 10052607 | ||
| 040 | |a GR-MY-UA |b gre |e aacr | ||
| 041 | 0 | |a eng | |
| 082 | 0 | |a 423.1 | |
| 100 | 1 | |a Kleinedler, Steven Racek. | |
| 245 | 1 | 0 | |a Short cuts : |b the dictionary of useful abbreviations / |c Steven Kleinedler |
| 260 | |a Lincolnwood : |b NTC Publishing Group, |c c1997 | ||
| 300 | |a 311 p. | ||
| 490 | 1 | |a Artful Wordsmith series | |
| 500 | |a Rev. ed. of: NTC's dictionary of acronyms and abbreviations, c1993 | ||
| 650 | 0 | 0 | |a Acronyms. |
| 650 | 0 | 0 | |a Abbreviations, English. |
| 830 | 0 | |a Artful Wordsmith series | |
| 852 | |a INST |b LESVOS |e 19990825 |h 423.1 KLE |p 005100019587 |q 005100019587 |t REF |y 23 | ||
| 901 | |a BIBL1-1999-3 | ||
| 909 | |a Λ |b 064795 | ||
| 922 | |a 1ΕΛΗ |b 199903 |c ΚΠΣ/ΚΥΒ |d LEADER | ||
| 950 | |a 023-1998-09-14 | ||
| 970 | |z 1999/09/08 |a ΤΖΑΦΕΡΗ |b ΕΥΑΓΓΕΛΙΑ | ||